00465nam a22001577a 450000500170000001000150001702000260003203500140005803700130007208200080008510000270009324500780012026000390019827000460023730000240028320231205152549.0 aENG-137379 a9789380599274c300.00 aEN-120911 bDBAD/PUB a510 aBandyopadhyay, Sitansu aMathematical Analysis:bProblems and Solutions/cBy Sitansu Bandyopadhyay aKolkatabAcademic Publishersc2011 a5A, Bhawani Dutta Lane, bKolkatae700009 a552p. ;c23cm (pbk)